| 000 | 01448cam a2200385 a 4500 | ||
|---|---|---|---|
| 001 | 4440460 | ||
| 003 | ARRUPE | ||
| 005 | 20150827151542.0 | ||
| 008 | 800731s1980 ilu 001 0 eng | ||
| 010 | _a80052781 | ||
| 020 | _a0226904334 (v. 1) | ||
| 020 | _a0226904342 (v. 2) | ||
| 035 | _a(OCoLC)6627450 | ||
| 035 | _a(OCoLC)ocm06627450 | ||
| 035 | _a(NNC)4440460 | ||
| 040 |
_aDLC _cDLC _dm.c. _dNNUT _dCStRLIN |
||
| 041 | 0 | _aengger | |
| 050 | 0 |
_aBF38 _b.W76513 |
|
| 090 |
_aBF38 _b.W76513 |
||
| 100 | 1 |
_aWittgenstein, Ludwig, _d1889-1951. _919063 |
|
| 245 | 1 | 0 |
_aRemarks on the philosophy of psychology / _cLudwig Wittgenstein ; edited by G. E. M. Anscombe and G. H. von Wright ; translated by G. E. M. Anscombe. |
| 260 |
_aChicago : _bUniversity of Chicago Press ; _aOxford : _bBasil Blackwell, _c1980. |
||
| 300 |
_a2 v. ; _c21 cm. |
||
| 500 | _aIncludes index. | ||
| 500 | _aAdded t.p.: Bemerkungen über die Philosophie der Psychologie. | ||
| 500 | _aEnglish and German. | ||
| 500 | _aVol. 2 edited by G.H. von Wright and H. Nyman; translated by C.G. Luckhardt and A.E. Aue. | ||
| 650 | 0 |
_aCognition _xknowledge, Theory of _919064 |
|
| 700 | 1 |
_aAnscombe, G. E. M. _q(Gertrude Elizabeth Margaret) _919065 |
|
| 700 | 1 |
_aWright, G. H. von _q(Georg Henrik), _d1916-2003. _912116 |
|
| 700 | 1 |
_aNyman, Heikki. _919066 |
|
| 740 | 0 | _aBemerkungen über die Philosophie der Psychologie. | |
| 942 |
_2lcc _cMONOGRAPH |
||
| 999 |
_c123161 _d123161 |
||